000 00226 a2200109 4500
001 127748
020 _a7891219016981
040 _cEscola Canadense de Niteroi
090 _aMP
245 1 0 _aMemória Sí-la-bas
942 _cMATP
999 _c127748
_d127748